[Event "IECC CL5-2003.15 email"]
[Site "IECC email"]
[Date "2003.07.07"]
[Round "?"]
[White "Wenink, T Ruud"]
[Black "Sy, Romeo"]
[Result "0-1"]
[WhiteElo "1545"]
[BlackElo "1566"]
[PlyCount "90"]
[EventDate "2003.??.??"]
[EventType "tourn (corr)"]
[EventRounds "4"]
[SourceTitle "Corr 2008"]
[Source "ChessBase"]
[SourceDate "2008.06.24"]
[SourceVersion "1"]
[SourceVersionDate "2008.06.24"]
[SourceQuality "1"]

1. e4 Nc6 2. Nf3 e5 3. Bb5 a6 4. Ba4 Bc5 5. c3 Qf6 6. 0-0 Nge7 7. d3 b5 8. Bc2 0-0 9. Bg5 Qg6 10. Nbd2 f6 11. Bh4 d6 12. b4 Bb6 13. Bb3+ Kh8 14. Bg3 a5 15. a4 bxa4 16. Rxa4 Bd7 17. Qa1 Na7 18. Ra2 Nac6 19. Nc4 f5 20. bxa5 Bc5 21. Qe1 fxe4 22. dxe4 Rxf3 23. gxf3 Bh3 24. Qe2 h5 25. Kh1 h4 26. Rg1 hxg3 27. Rxg3 Qh7 28. Nb2 Rb8 29. Bc4 Ng6 30. Qd2 Nf4 31. Ra1 Nd8 32. a6 Ba7 33. Nd3 Nxd3 34. Qxd3 Bxf2 35. Rg5 Ba7 36. Rg3 Rb2 37. Ra2 Bf1 38. Rxb2 Bxd3 39. Bxd3 Qh6 40. Rc2 Ne6 41. Bc4 Nf4 42. Bf1 Nh5 43. Rgg2 Qf4 44. Be2 Qe3 45. Bf1 Qxf3 0-1

[Event "IECC Swiss email"]
[Site "IECC email"]
[Date "2003.03.29"]
[Round "?"]
[White "Sy, Romeo"]
[Black "Ralls, Richard Nelson"]
[Result "1-0"]
[WhiteElo "1508"]
[BlackElo "1892"]
[PlyCount "85"]
[EventDate "2003.??.??"]
[EventType "tourn (corr)"]
[EventRounds "6"]
[SourceTitle "Corr 2008"]
[Source "ChessBase"]
[SourceDate "2008.06.24"]
[SourceVersion "1"]
[SourceVersionDate "2008.06.24"]
[SourceQuality "1"]

1. e4 e6 2. d4 d5 3. Nd2 dxe4 4. Nxe4 Nd7 5. Nf3 Ngf6 6. Nxf6+ Nxf6 7. c3 c5 8. Be3 cxd4 9. Qxd4 Be7 10. Qxd8+ Bxd8 11. h4 a6 12. h5 h6 13. Ne5 b5 14. a4 Bc7 15. Bd4 bxa4 16. Rxa4 0-0 17. Rc4 Nd5 18. Bd3 Bb7 19. Kd2 Rfd8 20. Kc2 a5 21. Ra1 Ba6 22. Rxc7 Bxd3+ 23. Nxd3 Nxc7 24. Bb6 Rdc8 25. Rxa5 Rxa5 26. Bxa5 Nd5 27. Kb3 Ra8 28. Ka4 f6 29. Kb5 e5 30. Nc5 Nf4 31. b4 Nxg2 32. Kc6 g6 33. Bc7 gxh5 34. b5 h4 35. b6 Kf7 36. b7 Rh8 37. Ne4 h3 38. Ng3 Ke6 39. b8Q Rxb8 40. Bxb8 h2 41. c4 Nh4 42. Nh1 Nf5 43. Kc5 1-0

[Event "IECC P email"]
[Site "IECC email"]
[Date "2002.11.18"]
[Round "?"]
[White "Schalkwijk, Peter H"]
[Black "Sy, Romeo"]
[Result "0-1"]
[WhiteElo "1695"]
[BlackElo "1451"]
[PlyCount "54"]
[EventDate "2002.??.??"]
[EventType "tourn (corr)"]
[EventRounds "6"]
[SourceTitle "Corr 2008"]
[Source "ChessBase"]
[SourceDate "2008.06.24"]
[SourceVersion "1"]
[SourceVersionDate "2008.06.24"]
[SourceQuality "1"]

1. d4 Nf6 2. Nf3 d5 3. e3 e6 4. Bd3 Bd6 5. 0-0 Nbd7 6. b3 e5 7. dxe5 Nxe5 8. Bb2 Nxf3+ 9. Qxf3 Bg4 10. Bxf6 Qd7 11. Bf5 Bxf5 12. Nc3 gxf6 13. Nxd5 0-0-0 14. Nxf6 Qe6 15. e4 Qxf6 16. Qxf5+ Qxf5 17. exf5 Rhe8 18. c4 Re2 19. Rfe1 Rd2 20. Kf1 Bb4 21. a3 Bc3 22. Rab1 Ra2 23. Re2 Rdd2 24. Rxd2 Rxd2 25. Re1 Ra2 26. Re3 Bd4 27. Re4 c5 0-1

[Event "IECC P email"]
[Site "IECC email"]
[Date "2002.03.01"]
[Round "?"]
[White "Tavani, Alberto"]
[Black "Sy, Romeo"]
[Result "1-0"]
[WhiteElo "1463"]
[BlackElo "1471"]
[PlyCount "69"]
[EventDate "2002.??.??"]
[EventType "tourn (corr)"]
[EventRounds "6"]
[SourceTitle "Corr 2008"]
[Source "ChessBase"]
[SourceDate "2008.06.24"]
[SourceVersion "1"]
[SourceVersionDate "2008.06.24"]
[SourceQuality "1"]

1. e4 c5 2. Nf3 Nc6 3. d4 cxd4 4. Nxd4 g6 5. c4 Bg7 6. Be3 Nf6 7. Nc3 Ng4 8. Qxg4 Nxd4 9. Qd1 Ne6 10. Rc1 b6 11. Bd3 Bb7 12. 0-0 0-0 13. Bb1 Rc8 14. b3 d6 15. Qd2 a5 16. f4 Nc5 17. f5 Be5 18. Bg5 f6 19. Bf4 Bxc3 20. Qxc3 Nxe4 21. Qe1 gxf5 22. Bh6 Rf7 23. Rxf5 e6 24. Rh5 f5 25. Rd1 e5 26. Bxe4 Bxe4 27. Qg3+ Kh8 28. Bg5 Qc7 29. Qh4 Kg8 30. Bf6 Kf8 31. Qg5 Qc5+ 32. Kf1 f4 33. Rh4 Qe3 34. Rh3 Qc5 35. a4 1-0

[Event "IECC Swiss email"]
[Site "IECC email"]
[Date "2002.01.28"]
[Round "?"]
[White "Regen, Friedrich"]
[Black "Sy, Romeo"]
[Result "0-1"]
[WhiteElo "1200"]
[BlackElo "1518"]
[PlyCount "20"]
[EventDate "2002.??.??"]
[EventType "tourn (corr)"]
[EventRounds "6"]
[SourceTitle "Corr 2008"]
[Source "ChessBase"]
[SourceDate "2008.06.24"]
[SourceVersion "1"]
[SourceVersionDate "2008.06.24"]
[SourceQuality "1"]

1. g4 d5 2. Bg2 Bxg4 3. c4 c6 4. cxd5 Nf6 5. Qb3 Qd7 6. h3 Bf5 7. Nc3 cxd5 8. Nxd5 Nc6 9. Ne3 Bg6 10. Nf3 e5 0-1

[Event "IECC Swiss email"]
[Site "IECC email"]
[Date "2001.08.05"]
[Round "?"]
[White "Sy, Romeo"]
[Black "Newton, Hobart E"]
[Result "0-1"]
[WhiteElo "1506"]
[BlackElo "2012"]
[PlyCount "60"]
[EventDate "2001.??.??"]
[EventType "tourn (corr)"]
[EventRounds "6"]
[SourceTitle "Corr 2008"]
[Source "ChessBase"]
[SourceDate "2008.06.24"]
[SourceVersion "1"]
[SourceVersionDate "2008.06.24"]
[SourceQuality "1"]

1. c4 e5 2. Nc3 Nf6 3. g3 c6 4. Bg2 d5 5. cxd5 cxd5 6. Qb3 e4 7. d3 exd3 8. exd3 Nc6 9. Nxd5 Nxd5 10. Bxd5 Qd7 11. Ne2 Na5 12. Bxf7+ Qxf7 13. Qxf7+ Kxf7 14. Nd4 Be7 15. Be3 Rd8 16. Rc1 Bf6 17. Rc5 Bxd4 18. Bxd4 Nc6 19. Be3 Rxd3 20. Ke2 Rd6 21. Bf4 Bg4+ 22. f3 Re8+ 23. Kf2 Rde6 24. Rd1 Re2+ 25. Kg1 Bxf3 26. Rf5+ Kg8 27. Rb5 Rg2+ 28. Kf1 Rxh2 29. Rd2 Rxd2 30. Bxd2 Be2+ 0-1

[Event "IECC Swiss email"]
[Site "IECC email"]
[Date "2000.12.10"]
[Round "?"]
[White "Pecotic, Kuzma"]
[Black "Sy, Romeo"]
[Result "1-0"]
[WhiteElo "1949"]
[BlackElo "1513"]
[PlyCount "69"]
[EventDate "2000.??.??"]
[EventType "tourn (corr)"]
[EventRounds "6"]
[SourceTitle "Corr 2008"]
[Source "ChessBase"]
[SourceDate "2008.06.24"]
[SourceVersion "1"]
[SourceVersionDate "2008.06.24"]
[SourceQuality "1"]

1. e4 c5 2. Nf3 Nc6 3. d4 cxd4 4. Nxd4 d6 5. Nc3 Nf6 6. Bg5 Bd7 7. Qd2 e5 8. Ndb5 Be6 9. Rd1 Rc8 10. a3 h6 11. Be3 Ng4 12. Bxa7 Ra8 13. Be3 Nxe3 14. Qxe3 Be7 15. Nd5 Bxd5 16. Rxd5 0-0 17. Bc4 Na5 18. Ba2 Nc6 19. c3 Qd7 20. 0-0 Rad8 21. Rfd1 Kh8 22. Bb1 Qg4 23. Bc2 Qg6 24. Qd3 Qh5 25. h3 Rd7 26. a4 Kg8 27. Na3 Rc8 28. Nc4 Rdd8 29. Nb6 Rc7 30. Qc4 Rf8 31. R5d2 Qg6 32. b4 Bd8 33. Rxd6 Nd4 34. Rxg6 Rxc4 35. Nxc4 1-0

[Event "IECC M email"]
[Site "IECC email"]
[Date "2000.06.21"]
[Round "?"]
[White "Zurowski, Dennis"]
[Black "Sy, Romeo"]
[Result "1-0"]
[WhiteElo "1503"]
[BlackElo "1514"]
[PlyCount "93"]
[EventDate "2000.??.??"]
[EventType "tourn (corr)"]
[EventRounds "2"]
[SourceTitle "Corr 2008"]
[Source "ChessBase"]
[SourceDate "2008.06.24"]
[SourceVersion "1"]
[SourceVersionDate "2008.06.24"]
[SourceQuality "1"]

1. e4 e6 2. d4 d5 3. Nc3 Bb4 4. Nf3 dxe4 5. Ne5 Nf6 6. Bg5 Bxc3+ 7. bxc3 h6 8. Bh4 Nbd7 9. Be2 Nxe5 10. dxe5 Qxd1+ 11. Rxd1 Nd7 12. 0-0 g5 13. Bg3 Ke7 14. f3 exf3 15. Rxf3 h5 16. h4 g4 17. Rfd3 Nc5 18. Rd4 Bd7 19. Rc4 Na6 20. Bf4 Rab8 21. Bg5+ Ke8 22. Rcd4 Nc5 23. Bf1 Rc8 24. R4d2 Rd8 25. Bxd8 Kxd8 26. Bb5 c6 27. Be2 Ke7 28. Rd4 Rf8 29. Rc4 b6 30. Rf1 Bc8 31. Bd3 Bb7 32. Kf2 g3+ 33. Kxg3 Nd7 34. Re1 c5 35. Kh3 Rg8 36. g4 Bd5 37. Rf4 hxg4+ 38. Rxg4 Rxg4 39. Kxg4 c4 40. Bf1 b5 41. h5 f6 42. exf6+ Nxf6+ 43. Kg5 Kf7 44. Re3 Ne4+ 45. Kf4 Nf2 46. Rg3 Ne4 47. Rg1 1-0